000 00396nam a2200169Ia 4500
003 GCL
040 _aGCL /
_cGCL
082 0 4 _a901.09436
_bZ O
100 1 _aZIEGLER, OTTO
245 1 0 _aOSTERREICH /
_cZIEGLER, OTTO
700 1 _aSTENZEL, GERHARD
260 _a[S.N] :
_bSTURTZ VERLAG ،
_c1976
650 0 4 _aVOYAGES AND TRAVELS
650 0 4 _aVOYAGES
650 0 4 _aAUSTRIA
942 _2ddc
_cBK
999 _c25427
_d25427